| 000 -LEADER |
| fixed length control field |
00496pab a2200157 454500 |
| 008 - FIXED-LENGTH DATA ELEMENTS--GENERAL INFORMATION |
| fixed length control field |
180718b1989 xxu||||| |||| 00| 0 eng d |
| 100 ## - MAIN ENTRY--PERSONAL NAME |
| Personal name |
Lyons, W.E. |
| 245 ## - TITLE STATEMENT |
| Title |
Government fragmentation versus consolidation |
| Remainder of title |
Five public - choice muths about how to create informed, involved, and happy citizens |
| 260 ## - PUBLICATION, DISTRIBUTION, ETC. |
| Date of publication, distribution, etc. |
1989 |
| 300 ## - PHYSICAL DESCRIPTION |
| Extent |
533-43 |
| 362 ## - DATES OF PUBLICATION AND/OR SEQUENTIAL DESIGNATION |
| Dates of publication and/or sequential designation |
Nov.-Oct. |
| 650 ## - SUBJECT ADDED ENTRY--TOPICAL TERM |
| Topical term or geographic name entry element |
Municipal Government - U.S.A. |
| 700 ## - ADDED ENTRY--PERSONAL NAME |
| Personal name |
David Lowery |
| 773 ## - HOST ITEM ENTRY |
| Main entry heading |
Public Administration Review |
| 909 ## - |
| -- |
14239 |